| 000 | 00393 a2200133 4500 | ||
|---|---|---|---|
| 001 | 87745 | ||
| 082 | _aPR 122 | ||
| 090 |
_c41204 _d41204 |
||
| 100 | _aZeeshan Ahmad, Plt Off 14994 | ||
| 245 | _aImage coding for customized image storage and retrieval system for PAF | ||
| 260 |
_aRisalpur _bNUST, Risalpur _c2010 |
||
| 300 |
_aviii, 48p. _eIsrar Hussain, Wg Cdr |
||
| 500 | _aBE Project Reports | ||
| 942 |
_aCAE NUST _kPR 122 |
||
| 999 |
_c322818 _d322818 |
||